00548nam a2200205Ia 4500001000600000003000900006008004100015040001300056040001300069100002100082100002900103245001800132245003500150250001100185260001100196260002800207260004500235650003100280650003100311 6758IT-RoPAU130308s9999 xx 000 0 und d aIT-RoPAU cIT-RoPAU aMenzio Francesco gCodice Aut. SPICS: 11415 aCrocifissione bGesù nell'Arte Contemporanea a1a ed. aASSISI bPro Civitate Christiana c1964 [1° Ed.:1964 - Ed.Ling.Originale:] aAUTORI/OPERE DI ICONOLOGIA eCodice materia Spics: 5157